000
00317 a2200133 4500
000
nam a22 7a 4500
005
20260311122954.0
100
_a
Tong, David
_9
1131642
245
_a
Electromagnetism
260
_b
Cambridge University Press
_c
2025
440
_a
Vol.2
_9
1131659
490
_a
Vol.2
942
_c
AUD
999
_c
1715108
_d
1715108